Mystery shopping v pracovnom práve

Mystery shopping - kontrola zamestnancov pomocou utajenej identity. Keďže mystery shopping zasahuje do súkromného života zamestnancov, autorka objasňuje pojmy ako právo na súkromie, súkromný život a oprávnené zásahy do práva na súkromný život. Zásada legality, legitimity a proporcionality. Mystery s...

Descrizione completa

Salvato in:
Dettagli Bibliografici
Autore principale: Petríková, Lucia
Natura: Capitolo di libro
Lingua:slovacco
Soggetti:
Tags: Aggiungi Tag
Nessun Tag, puoi essere il primo ad aggiungerne!!

MARC

LEADER 00000naa a2200000 4500
001 0234176
005 20250522122959.8
041 0 |a slo 
044 |a SK 
245 1 0 |a Mystery shopping v pracovnom práve  |c Lucia Petríková 
520 |a Mystery shopping - kontrola zamestnancov pomocou utajenej identity. Keďže mystery shopping zasahuje do súkromného života zamestnancov, autorka objasňuje pojmy ako právo na súkromie, súkromný život a oprávnené zásahy do práva na súkromný život. Zásada legality, legitimity a proporcionality. Mystery shopping môže byť jednorazový alebo opakujúci. Spracúvanie osobných údajov. 
610 2 0 |a právo pracovné 
610 2 0 |a zamestnávatelia 
610 2 0 |a zamestnanci 
610 2 0 |a kontrola 
610 2 0 |a informácie 
610 2 0 |a mystery shopping 
100 1 |a Petríková, Lucia